000 00980cam a22003013a 4500
001 16411546
003 OSt
005 20140310182228.0
008 970722s1997 nyu j 000 1 eng d
010 _a 97813785
020 _a0553483471 (pbk.) :
_c$3.99
035 _a(OCoLC)ocm37333229
040 _aEOW
_cEOW
_dSLC
_dOCL
_dDLC
050 _aPZ 7
_b.Su968s9 1997
082 _aFIC
_bSu9sv #9
100 1 _aSuzanne, Jamie.
_94455
245 1 4 _aThe twins go to college /
_cwritten by Jamie Suzanne ; created by Francine Pascal.
260 _aNew York :
_bBantam Books,
_cc1997.
300 _a180 p. ;
_c20 cm.
440 0 _aSweet Valley twins super edition ;
_v#9
_917902
650 0 _aTwins
_vFiction.
_917903
655 7 _aYoung adult fiction.
_2lcsh
_93735
700 1 _aPascal, Fransine.
_917904
710 2 _aCopyright Paperback Collection (Library of Congress)
_5DLC
_9705
906 _a7
_bcbc
_ccopycat
_d2
_encip
_f19
_gy-genrareb
942 _2lcc
_cFIC
999 _c10844
_d10844